Kid's Book Series Sort-O-Rama Quiz Stats

 Plays Quiz Updated Jun 26, 2017

Challenge
Share
Tweet
Embed
Score 0/55 Timer 06:00
0 Plays Today
% Correct
Chamber of Secrets
92.5%
Deathly Hallows
92%
Goblet of Fire
91.7%
Half-Blood Prince
91.6%
Order of the Phoenix
91.4%
Prisoner of Azkaban
91%
Philosopher's Stone
90.6%
Catching Fire
87.3%
Mockingjay
87.3%
Frankenstein Doesn't Plant Petunias
80.5%
The Last Olympian
79.6%
Genies Don't Ride Bicycles
79.5%
Leprechauns Don't Play Basketball
79.4%
Ghosts Don't Eat Potato Chips
79%
Pirates Don't Wear Pink Sunglasses
78.6%
Aliens Don't Wear Braces
78.1%
Vampires Don't Wear Polka Dots
77.2%
The Lightning Thief
77.1%
Werewolves Don't Go to Summer Camp
76.6%
Santa Claus Doesn't Mop Floors
76%
The Bad Beginning
75.7%
Dog Days
73.6%
The Curse of the Mummy's Tomb
71.9%
Welcome to Camp Nightmare
71.2%
The Titan's Curse
69.9%
Night of the Living Dummy
69.4%
Welcome to Dead House
69%
The Battle of the Labyrinth
68.3%
% Correct
The Ghost Next Door
67.9%
Rodrick Rules
67.8%
The Sea of Monsters
67.8%
Hard Luck
67%
The Ugly Truth
66.3%
The Girl Who Cried Monster
66.3%
The Last Straw
66%
Stay Out of the Basement
65.6%
The Amber Spyglass
65.5%
The Miserable Mill
64.7%
The Austere Academy
63.9%
The Golden Compass
62.9%
Cabin Fever
61.3%
The Ersatz Elevator
61%
The Reptile Room
60.8%
The Third Wheel
60.1%
Dinosaurs Before Dark
59.3%
Horse Crazy
58.7%
The Long Haul
57.3%
The Wide Window
57.3%
Monster Blood
56.8%
The Subtle Knife
56.2%
Mummies in the Morning
56.1%
Say Cheese and Die!
56.1%
Pirates Past Noon
52.6%
The Knight at Dawn
51.7%
Let's Get Invisible!
36.2%

You're not logged in!

Compare scores with friends on all Sporcle quizzes.
Join for Free
OR
Log In

You Might Also Like...

Show Comments

Extras

Top Quizzes Today


Score Distribution

Your Account Isn't Verified!

In order to create a playlist on Sporcle, you need to verify the email address you used during registration. Go to your Sporcle Settings to finish the process.

Report this User

Report this user for behavior that violates our Community Guidelines.

Details: